000 01842cam a2200481 a 4500
001 12118581
003 Nust
005 20220829113137.0
008 000725s1999 enk b 000 1 eng d
010 _a 00698638
015 _aGB98-V5171
020 _a9780140435122
_cRs. 516
035 _a(OCoLC)ocm42371494
038 _aArshad
040 _aGZM
_cGZM
_dUKM
_dDLC
042 _alccopycat
043 _ae-uk-en
050 0 0 _aPR4565.A2
_bF67 1999
082 _a823
_bDIC
100 1 _aDickens, Charles,
_d1812-1870.
_912180
245 1 0 _aNicholas Nickleby /
_cCharles Dickens ; edited with an introduction by Mark Ford ; original illustrations by Hablot K. Browne ('Phiz').
260 _aLondon ;
_aNew York :
_bPenguin Books,
_c1999.
300 _axxxvi, 816 p. ;
_c20 cm.
490 0 _aPenguin classics
504 _aIncludes bibliographical references.
650 0 _aYoung men
_vFiction.
_912184
650 0 _aTheatrical companies
_vFiction.
_912196
650 0 _aFathers
_xDeath
_vFiction.
_912197
650 0 _aBoarding schools
_vFiction.
_911811
650 0 _aPoor families
_vFiction.
_912124
650 0 _aWidows
_vFiction.
_97299
650 0 _aUncles
_vFiction.
_911652
651 0 _aEngland
_vFiction.
_91072
655 7 _aPicaresque literature.
_2gsafd
_911935
655 7 _aBildungsromans.
_2gsafd
_93698
700 1 _aFord, Mark,
_d1962 June 24-
_912198
700 1 _aBrowne, Hablot Knight,
_d1815-1882.
_912199
856 4 2 _3Contributor biographical information
_uhttp://www.loc.gov/catdir/enhancements/fy1203/00698638-b.html
856 4 2 _3Publisher description
_uhttp://www.loc.gov/catdir/enhancements/fy1203/00698638-d.html
906 _a7
_bcbc
_ccopycat
_d2
_encip
_f20
_gy-gencatlg
942 _2ddc
_cBK
999 _c174545
_d174545